Представление документа в формате MARC21

Поле Инд. ПП Название Значение
Тип записи a
Библиографический уровень b
001 Контрольный номер UNIDUBNA71efa688d48142da94b90a3f5c2ab632
005 Дата корректировки 20230110123307.4
084 a Индекс другой классификации/Индекс ББК 88.93; 88.945
100 1_ a Автор Килина Т. В.
245 10 a Заглавие Музыкальное воспитание как средство раскрытия творческого потенциала детей с ограниченными возможностями
520 0_ a Аннотация Музыкальное воспитание детей с ОВЗ раскрывает их творческий потенциал. Происходит формирование личности ребенка, развиваются эстетические качества и художественный вкус, творческая активность и нравственные качества. Дети приобретают уверенность в своих силах, раскрывают свои музыкальные способности, активно проявляют творческий потенциал...
650 04 a Основная рубрика практическая психология (прикладная психология)
a Основная рубрика психокоррекция
a Основная рубрика психология
a Основная рубрика психотерапия
653 0_ a Ключевые слова дети
a Ключевые слова дошкольники
a Ключевые слова игра на музыкальных инструментах
a Ключевые слова коммуникативные игры
a Ключевые слова коммуникативные навыки
a Ключевые слова коммуникативные умения
a Ключевые слова коррекционно-развивающие занятия
a Ключевые слова коррекционные методики
a Ключевые слова музыкальное воспитание
a Ключевые слова музыкальные игры
a Ключевые слова музыкотерапия
a Ключевые слова несовершеннолетние
a Ключевые слова общение
a Ключевые слова ограниченные возможности здоровья
a Ключевые слова пение
a Ключевые слова подростки
a Ключевые слова психолого-педагогическое сопровождение
a Ключевые слова психотерапевтические методы
a Ключевые слова развивающие занятия
a Ключевые слова реабилитационная работа
a Ключевые слова реабилитационные центры
a Ключевые слова слушание
a Ключевые слова социализация
a Ключевые слова социально-психологическая реабилитация
a Ключевые слова социально-психологический патронаж
a Ключевые слова социально-психологическое сопровождение
a Ключевые слова социальные проекты
a Ключевые слова танец
a Ключевые слова творческий потенциал
773 18 t Заглавие источника Работник социальной службы
d Дата издания источника 2022
g Прочая информация № 1. - С. 121 - 125
w Контрольный № источника UNIDUBNA9e96213a981e4497ab79b1f09ac6e1d9
901 t Тип документа b